Pokémon - Orte in Sinnoh - Statistics

General Stats
  • This quiz has been taken 4 times
  • The average score is 13 of 17
Answer Stats
Tipp Ort % Correct
Schnee, Tempel, 7. Orden Blizzach
100%
Fahrradladen, Wald, 2. Orden Ewigenau
100%
Blumen, Honig, Windkraft Flori
100%
TV-Studio, Clowns Jubelstadt
100%
Strand, Professor Eibes Labor Sandgemme
100%
Stromausfall, Leutturm, 8. Orden Sonnewik
100%
Heimatort eures Charakters Zweiblattdorf
100%
Entspannung, Villa Erholungsgebiet
67%
Minen, Museum, 1. Orden Erzelingen
67%
Schiffe, Bibliothek, 6. Orden Fleetburg
67%
Wettbewerbe, Knurspe, 5. Orden Herzhofen
67%
Duellpark, nach der Liga Kampfareal
67%
Meteore, Team Galaktik, 3. Orden Schleiede
67%
Turm der Ruhenden, Pension Trostu
67%
Moor, Safari-Zone, 4. Orden Weideburg
67%
Cynthia, Alte Ruine, Entons Elyses
33%
Avenaro, Duellareal Überlebensareal
33%
No matching quizzes found
Score Distribution
Percent of People with Each Score
Percentile by Number Answered
Your Score History
You have not taken this quiz